000
00225 a2200097 4500
001
39694
100
_a
Ward Michael
245
_a
50 Essential management techniques
260
_a
London
_b
Gower
_c
1995
090
_c
24713
_d
24713
942
_a
NUST-CAE
_c
M
_c
16351
999
_c
274767
_d
274767